000 00678aam a2200253 4500
005 20250730094111.0
008 150408b xxu||||| |||| 00| 0 spa d
020 _a99764926
041 _aESP
082 _aCR 861.4 D633c
100 _aDobles Izaguirre, Julieta
_928108
245 _aCosta Rica poema a poema: un recorrido por el alma secreta de la patria
260 _aCosta Rica
260 _bEUNED
260 _c1997
300 _a170 páginas
490 _aTEMÁTICA GENERAL
650 _aTEMÁTICA GENERAL
650 _aLITERATURA COSTARRICENSE
650 _aPOESÍA COSTARRICENSE
650 _aPOESÍA FEMENINA
650 _aCOSTA RICA
942 _cBK
_2ddc
999 _c4357
_d4357